Statystyki dla Monarchie w Europie (Dla GeoMexa)

Kliknij tutaj aby rozwiązać quiz!

Ogólne statystyki

  • Ten quiz został rozwiązany 149 razy
  • Średni wynik to 9 z 12

Statystyki odpowiedzi

PodpowiedźOdpowiedź% Poprawnych
KrólestwoKrólestwo Szwecji
86%
KrólestwoKrólestwo Hiszpanii
85%
Zjednoczone królestwoZjednoczone Królestwo wielkiej
Brytanii i irlandii północnej
85%
KrólestwoKrólestwo Norwegii
84%
KrólestwoKrólestwo Danii
82%
KsięstwoKsięstwo Monako
80%
Państwo MiastoPaństwo Miasto Watykańskie
79%
Wielkie KsięstwoWielkie Księstwo Luksemburga
77%
KrólestwoKrólestwo Belgii
71%
KrólestwoKrólestwo Niderlandów
70%
KsięstwoKsięstwo Liechtensteinu
64%
KsięstwoKsięstwo Andory
30%

Rozkład punktacji

Percentyl według liczby udzielonych odpowiedzi

Procent ludzi z każdym wynikiem

Twoja historia wyników

Nie rozwiązałeś tego quizu